Southville International School and Colleges
Your cart is empty.
  • Cart
  • Lists
    Public lists Eva Luna New books Lux_list list_1
    Your lists Log in to create your own lists
  • Log in to your account
  • Your cookies
  • Search history
Southville International School and Colleges
  • Advanced search
  • Recent comments
  • Most popular
  • Libraries

Log in to your account

Log in with GOOGLE


If you do not have an external account, but do have a local account, you can still log in:

  1. Home
  2. MARC view: Customer connections :
Normal view MARC view ISBD view

Customer connections : (Record no. 283776)

[ view plain ]
MARC details
000 -LEADER
fixed length control field 00970cam a2200265 a 4500
001 - CONTROL NUMBER
control field 4488299
003 - CONTROL NUMBER IDENTIFIER
control field PILC
005 - DATE AND TIME OF LATEST TRANSACTION
control field 20150318130136.0
008 - FIXED-LENGTH DATA ELEMENTS--GENERAL INFORMATION
fixed length control field 970328s1997 maua b 001 0 eng
010 ## - LIBRARY OF CONGRESS CONTROL NUMBER
LC control number 97010783
020 ## - INTERNATIONAL STANDARD BOOK NUMBER
International Standard Book Number 0875847994 (alk. paper)
040 ## - CATALOGING SOURCE
Original cataloging agency DLC
Transcribing agency DLC
Modifying agency DLC
050 00 - LIBRARY OF CONGRESS CALL NUMBER
Classification number HF 5415.5
Item number .W39 1997
082 00 - DEWEY DECIMAL CLASSIFICATION NUMBER
Classification number 658.8/12
100 1# - MAIN ENTRY--PERSONAL NAME
Personal name Wayland, Robert E.
Fuller form of name (Robert Edwin),
Dates associated with a name 1946-
245 10 - TITLE STATEMENT
Title Customer connections :
Remainder of title new strategies for growth /
Statement of responsibility, etc Robert E. Wayland, Paul M. Cole.
260 ## - PUBLICATION, DISTRIBUTION, ETC. (IMPRINT)
Place of publication, distribution, etc Boston, Mass :
Name of publisher, distributor, etc Harvard Business School Press,
Date of publication, distribution, etc c1997.
300 ## - PHYSICAL DESCRIPTION
Extent xi, 265 pages :
Other physical details illustrations ;
Dimensions 24 cm.
504 ## - BIBLIOGRAPHY, ETC. NOTE
Bibliography, etc Includes bibliographical references (p. 253-260) and index.
650 #0 - SUBJECT ADDED ENTRY--TOPICAL TERM
Topical term or geographic name as entry element Customer relations.
700 1# - ADDED ENTRY--PERSONAL NAME
Personal name Cole, Paul M.
Fuller form of name (Paul Michael),
Dates associated with a name 1958-
906 ## - LOCAL DATA ELEMENT F, LDF (RLIN)
a 7
b cbc
c orignew
d 1
e ocip
f 19
g y-gencatlg
942 ## - ADDED ENTRY ELEMENTS (KOHA)
Source of classification or shelving scheme Library of Congress Classification
Koha item type Books
Holdings
Withdrawn status Lost status Source of classification or shelving scheme Damaged status Home library Current library Shelving location Date acquired Source of acquisition Sub Shelving location Total Checkouts Full call number Barcode Date last seen Price effective from Koha item type
    Library of Congress Classification   Southville International School Affiliated with Foreign Universities Library Southville International School Affiliated with Foreign Universities Library Southville Foreign University Section 03/18/2015 Library Fund     HF 5415.5 .W39 1997 SFU1823 05/15/2018 03/18/2015 Books

Customer connections :

APA

Wayland R. E., Cole P. M., . (1997). Customer connections. Boston, Mass: Harvard Business School Press.

Chicago

Wayland Robert E, Cole Paul M, . 1997. Customer connections. Boston, Mass: Harvard Business School Press.

Harvard

Wayland R. E., Cole P. M., . (1997). Customer connections. Boston, Mass: Harvard Business School Press.

MLA

Wayland Robert E, Cole Paul M, . Customer connections. Boston, Mass: Harvard Business School Press. 1997.

  • Place hold
  • Print
  • Cite
  • Add to your cart (remove)
  • Save record
    BIBTEX Dublin Core MARCXML MARC (non-Unicode/MARC-8) MARC (Unicode/UTF-8) MARC (Unicode/UTF-8, Standard) MODS (XML) RIS
  • More searches
    Search for this title in:
    Other Libraries (WorldCat) Other Databases (Google Scholar) Online Stores (Bookfinder.com) Open Library (openlibrary.org)

Exporting to Dublin Core...

SOUTHVILLE LIBRARY

Southville International School and Colleges Library

1281 Tropical Ave. Cor. Luxembourg St., BF Homes International, Las Pinas City

Tel. No. 8256374 / 252358 Loc. 117/146

Powered by Koha